书目信息 |
| 题名: |
材料力学
|
|
| 作者: | 张流芳 主编 | |
| 分册: | ||
| 出版信息: | 武汉 武汉工业大学出版社 1997.11 |
|
| 页数: | 238页 | |
| 开本: | 16开 | |
| 丛书名: | ||
| 单 册: | ||
| 中图分类: | TB301-43 | |
| 科图分类: | ||
| 主题词: | 工程材料 | |
| 电子资源: | ||
| ISBN: | 7-5629-1213-0 | |
| 000 | 00516nam0 2200181 45 | |
| 001 | 0010261849 | |
| 005 | 20120408120325.40 | |
| 010 | @a7-5629-1213-0@d16.00元 | |
| 100 | @a20001026d1997 km y0chiy0120 ea | |
| 101 | 0 | @achi |
| 200 | 1 | @a材料力学@ACai Liao Li Xue@f张流芳主编@FZhang Liu Fang Zhu Bian |
| 210 | @a武汉@c武汉工业大学出版社@d1997.11 | |
| 215 | @a238页@d16开 | |
| 606 | 0 | @a工程材料 |
| 690 | @aTB301-43@v3 | |
| 701 | 0 | @a张流芳@4主编 |
| 801 | @aCN@bPftUser@c20001026 | |
| 905 | @b191656-665@dTB301-43@eZH245@f10 | |
| 材料力学/张流芳主编.-武汉:武汉工业大学出版社,1997.11 |
| 238页;16开 |
| ISBN 7-5629-1213-0:16.00元 |
| ● |
| 相关链接 |
|
|
|
正题名:材料力学
索取号:TB301-43/ZH245
 
预约/预借
| 序号 | 登录号 | 条形码 | 馆藏地/架位号 | 状态 | 备注 |
| 1 | 191656 | 201916560 | 自科库501/501自科库 12排1列2层/ [索取号:TB301-43/ZH245] | 在馆 | |
| 2 | 191657 | 201916579 | 自科库501/501自科库 12排1列2层/ [索取号:TB301-43/ZH245] | 在馆 | |
| 3 | 191658 | 201916588 | 自科库501/501自科库 12排1列2层/ [索取号:TB301-43/ZH245] | 在馆 | |
| 4 | 191659 | 201916597 | 自科库501/501自科库 12排1列2层/ [索取号:TB301-43/ZH245] | 在馆 | |
| 5 | 191660 | 201916604 | 自科库501/501自科库 12排1列2层/ [索取号:TB301-43/ZH245] | 在馆 | |
| 6 | 191661 | 201916613 | 自科库501/501自科库 12排1列2层/ [索取号:TB301-43/ZH245] | 在馆 | |
| 7 | 191662 | 201916622 | 自科库501/501自科库 12排1列2层/ [索取号:TB301-43/ZH245] | 在馆 | |
| 8 | 191663 | 201916631 | 自科库501/501自科库 12排1列2层/ [索取号:TB301-43/ZH245] | 在馆 | |
| 9 | 191664 | 201916640 | 自科库501/501自科库 12排1列2层/ [索取号:TB301-43/ZH245] | 在馆 | |
| 10 | 191665 | 201916659 | 自科库501/501自科库 12排1列2层/ [索取号:TB301-43/ZH245] | 在馆 | |
| 11 | 485997 | 204859974 | 土木与交通工程学院资料室/ [索取号:TB301-43/ZH245] | 在馆 |